Essai sur le Chili

Αποθηκεύτηκε σε:
Λεπτομέρειες βιβλιογραφικής εγγραφής
Κύριος συγγραφέας: Pérez Rosales, Vicente (Συγγραφέας)
Μορφή: Βιβλίο
Γλώσσα:Γαλλικά
Έκδοση: Hamburgo F. H. Nestler & Melle 1857
Έκδοση:1a. ed
Θέματα:
Ετικέτες: Προσθήκη ετικέτας
Δεν υπάρχουν, Καταχωρήστε ετικέτα πρώτοι!

MARC

LEADER 00000nam a2200000 a 4500
001 UCJ3580
003 CL-VaPUC
008 070124e18570000GW |||||||||||||||||fre|d
082 0 4 |a 983  |b PER  |2 21 
100 0 |a Pérez Rosales, Vicente  |e author  |9 346608 
245 1 0 |a Essai sur le Chili 
250 |a 1a. ed 
300 |a 455 p 
942 |c BK 
945 |d 20070124 00:00:00  |a rinostro 
260 |a Hamburgo  |b F. H. Nestler & Melle  |c 1857 
500 |a Mapa de Chile de 1856 y cuadros estadísticos de la época 
650 0 |a Geografía de Chile   |9 268295 
650 0 |a Demografía   |9 260008 
650 0 |a Historia  |9 255047 
650 0 |a Estadísticas  |9 258644 
650 0 |a Recursos naturales  |9 255232 
650 0 |a Comercio  |9 255341 
650 7 |a INDUSTRIA  |2 CL-VaPUC  |9 315110 
583 |a last modification  |c 20070124 00:00:00  |k Rodrigo Vera 
999 |c 319702  |d 319700 
952 |0 0  |1 0  |4 0  |6 983_000000000000000_PER_1857  |7 0  |8 X  |9 398065  |a FDOBUD  |b FDOBUD  |d 2019-11-22  |i 1005618  |o 983 PER 1857  |p 1005618  |r 2019-11-22  |w 2019-11-22  |y BK_X  |k BUD